Sports Quiz

Random Sports or Basketball Quiz

NBA Top Scorers Forced Retirement (2000s) Quiz Stats

 Plays Quiz Updated Mar 28, 2016

Also try: NBA Teams
Challenge
Share
Tweet
Embed
Score 0/110 Timer 20:00
0 Plays Today
Year Player % Correct
2000-01Kobe Bryant
96.1%
2003-04LeBron James
93.5%
2005-06Mike James
91.8%
2000-01Shaquille O'Neal
90.6%
2002-03Jermaine O'Neal
89.6%
2004-05Dwyane Wade
83.7%
2000-01Allen Iverson
82.9%
2001-02Kevin Garnett
81.5%
2001-02Tim Duncan
81.2%
2007-08Kevin Durant
80.3%
2000-01Paul Pierce
80.1%
2002-03Ray Allen
79.5%
2003-04Carmelo Anthony
77.6%
2001-02Dirk Nowitzki
76.3%
2005-06Steve Nash
76%
2002-03Michael Jordan
76%
2000-01Tracy McGrady
73.6%
2006-07Dwight Howard
72.5%
2006-07Josh Howard
72%
2000-01Vince Carter
71.9%
2004-05Chris Bosh
71.8%
2007-08David West
71.7%
2004-05Joe Johnson
71.3%
2007-08Chris Paul
71%
2005-06Tony Parker
70.6%
2008-09Derrick Rose
70%
2008-09Deron Williams
69.9%
2008-09Mo Williams
69.8%
2001-02Jalen Rose
69.6%
2004-05Amare Stoudemire
66.9%
2002-03Pau Gasol
66.9%
2009-10Gerald Wallace
66.4%
2008-09Andre Miller
66.3%
2010-11Russell Westbrook
66.2%
2004-05Yao Ming
64.3%
2001-02Karl Malone
63.6%
2005-06Chauncey Billups
62.6%
Year Player % Correct
2010-11Manu Ginobili
61.8%
2002-03Richard Hamilton
60.2%
2010-11Blake Griffin
59.1%
2009-10Stephen Curry
58.8%
2006-07Eddy Curry
58.7%
2003-04Baron Davis
58.2%
2000-01Chris Webber
58.1%
2002-03Ricky Davis
58.1%
2004-05Gilbert Arenas
56%
2009-10Stephen Jackson
54.6%
2002-03Shawn Marion
52.7%
2000-01Antawn Jamison
52.3%
2003-04Richard Jefferson
52.2%
2007-08Al Jefferson
52.2%
2001-02Gary Payton
51.5%
2006-07Carlos Boozer
51.5%
2010-11Kevin Love
51.5%
2008-09Brandon Roy
50.2%
2003-04Mike Bibby
49.9%
2007-08Monta Ellis
49.5%
2004-05Elton Brand
49%
2003-04Michael Redd
48.8%
2001-02Stephon Marbury
48.2%
2003-04Zach Randolph
48.1%
2005-06Jason Terry
47.3%
2006-07Kevin Martin
46.5%
2003-04Peja Stojakovic
46.4%
2004-05Rashard Lewis
46.2%
2000-01Antoine Walker
44.9%
2007-08Danny Granger
44.4%
2005-06Ben Gordon
44%
2002-03Steve Francis
42.9%
2008-09LaMarcus Aldridge
42.7%
2000-01Jerry Stackhouse
42.5%
2004-05Jason Richardson
42.5%
2006-07Ron Artest
42.3%
2007-08Rudy Gay
42.1%
Year Player % Correct
2006-07Andre Iguodala
41.3%
2009-10David Lee
38.8%
2008-09Caron Butler
38.3%
2006-07Luol Deng
37.9%
2001-02Latrell Sprewell
37.8%
2009-10Tyreke Evans
37.7%
2002-03Allan Houston
36.7%
2007-08Jamal Crawford
34.1%
2007-08Hedo Turkoglu
33.5%
2009-10Brook Lopez
33.5%
2003-04Sam Cassell
32.1%
2008-09O.J. Mayo
31.2%
2008-09Devin Harris
31.1%
2003-04Corey Maggette
28.3%
2009-10Andrea Bargnani
27.9%
2005-06Mehmet Okur
27.8%
2006-07Kirk Hinrich
27.6%
2009-10Chris Kaman
25.1%
2002-03Jamal Mashburn
24.5%
2001-02Cuttino Mobley
23.9%
2010-11Paul Millsap
23.9%
2001-02Shareef Abdur-Rahim
23.8%
2009-10Aaron Brooks
23%
2010-11Luis Scola
21.6%
2005-06Al Harrington
21.4%
2010-11Michael Beasley
21.3%
2010-11DeMar DeRozan
18.9%
2006-07Leandro Barbosa
18.6%
2005-06Wally Szczerbiak
17.9%
2007-08Mike Dunleavy
17.4%
2005-06Morris Peterson
15.9%
2004-05Desmond Mason
12.9%
2008-09John Salmons
12.7%
2010-11Wesley Matthews
11.1%
2010-11Dorell Wright
10.6%
2009-10Carl Landry
8.2%

You're not logged in!

Compare scores with friends on all Sporcle quizzes.
Join for Free
OR
Log In

You Might Also Like...

Show Comments

Extras

Top Quizzes Today


Score Distribution

Your Account Isn't Verified!

In order to create a playlist on Sporcle, you need to verify the email address you used during registration. Go to your Sporcle Settings to finish the process.

Report this User

Report this user for behavior that violates our Community Guidelines.

Details: